000 00453nam a2200193Ia 4500
005 20240823060318.0
008 240823s9999||||xx |||||||||||||| ||und||
041 _aENGLISH
082 _A620.106 Q4
100 _aVijayaraghavan G K
245 0 _aMechanics of Fluids
250 _a4th
260 _c2014
_bA R S Publica
500 _aTRANSFERED
650 _aMechanical
_bMechanical
700 _aSundaravalli S
942 _cBK
999 _c230832
_d230832